The Poems of Ossian

Saved in:
Bibliographic Details
Main Author: Macpherson, James (autor)
Format: Book
Language:English
Published: Glasgow Richard Griffin and Co 1824
Edition:1a. ed
Subjects:
Tags: Add Tag
No Tags, Be the first to tag this record!

MARC

LEADER 00000nam a2200000 a 4500
001 UCJ8654
003 CL-VaPUC
008 070124e18240000UK |||||||||||||||||eng|d
082 0 4 |a 821  |b MAC  |2 21 
100 |a Macpherson, James  |e autor  |9 517539 
245 1 4 |a The Poems of Ossian 
250 |a 1a. ed 
300 |a 2 v 
942 |c BK 
945 |d 20070124 00:00:00  |a rinostro 
260 |a Glasgow  |b Richard Griffin and Co  |c 1824 
500 |a En biblioteca sólo v. 2 
650 7 |a POESIA ESCOCESA  |2 CL-VaPUC  |9 517540 
583 |a last modification  |c 20070124 00:00:00  |k Rodrigo Vera 
999 |c 324324  |d 324322 
952 |0 0  |1 0  |4 0  |6 821_000000000000000_MAC_1824  |7 0  |8 X  |9 404414  |a FDOBUD  |b FDOBUD  |d 2019-11-22  |i 1081829  |o 821 MAC 1824  |p 1081829  |r 2019-11-22  |w 2019-11-22  |y BK_X  |k BUD